000 00464nam a2200181Ia 4500
001 3006
005 20260306144849.0
008 260306t2006||||xx |||||||||||||| ||spa||
041 _aESP
082 _a241
_bM26
100 _aMartínez Ferrer, Luis
_eAUT
245 0 _aInculturación:
_bmagisterio de la iglesia y documentos eclesiásticos
260 _c2006
300 _a384 páginas :
_c21 cm.
650 _aGEN
654 _aCHU
942 _cLIB
_dJUS
_fJUS
_2ddc
_n
999 _c3006
_d3006